000 00354nam a22001577a 4500
003 CEME
005 20210628202255.0
008 210301b xxu||||| |||| 00| 0 eng d
040 _c.
082 _a932.1 SHA
100 _aShahid Ehsan
_959105
245 _aQuad-i-azam quiz
260 _aLAHOR
_bPDF
_c2002
650 _aURDU
_916761
942 _cBK
_2ddc
999 _c569156
_d569156